000 02789cam a22003974a 4500
001 STB011000
003 OCoLC
005 20150127151353.0
008 090602s2010 paua b 001 0 eng
010 _a2009022707
016 7 _a101506678
_2DNLM
020 _a9780803618145
020 _a9789746522458
035 _a.b69164472
040 _aDNLM/DLC
_cDLC
_dYDX
_dNLM
_dTTS
_dYDXCP
_dIG#
_dOS2
_dUtOrBLW
042 _apcc
049 _aOS2A
050 1 0 _aRB 46.5
_b.St73 2010
100 1 _aStevens, Christine Dorresteyn.
245 1 0 _aClinical immunology & serology :
_ba laboratory perspective /
_cChristine Dorresteyn Stevens.
250 _a3rd ed.
260 _aPhiladelphia, PA. :
_bF.A. Davis,
_cc2010.
300 _axvi, [3] p. of plates, 454 pages :
_billustrations (some color) ;
_c28 cm.
504 _aIncludes bibliographical references and index.
505 0 0 _tIntroduction and natural immunity /
_rChristine Dorresteyn Stevens --
_tThe lymphoid system /
_rChristine Dorresteyn Stevens --
_tNature of antigens and major histocompatibility complex /
_rChristine Dorresteyn Stevens --
_tAntibody structure and function /
_rChristine Dorresteyn Stevens --
_tCytokines /
_rTimothy Stegall --
_tComplement system /
_rChristine Dorresteyn Stevens --
_tSafety and specimen preparation /
_rSusan King Strasinger and Christine Dorresteyn Stevens --
_tPrecipitation reactions /
_rChristine Dorresteyn Stevens --
_tAgglutination /
_rChristine Dorresteyn Stevens --
_tLabeled immunoassays /
_rChristine Dorresteyn Stevens --
_tMolecular diagnostic techniques /
_rSusan M. Orton --
_tFlow cytometry and laboratory automation /
_rSusan M. Orton --
_tHypersensitivity /
_rChristine Dorresteyn Stevens --
_tAutoimmunity /
_rChristine Dorresteyn Stevens --
_tImmunoproliferative diseases /
_rDonald C. Lehman and Maureane Hoffman --
_tImmunodeficiency disease /
_rThomas S. Alexander and Maureane Hoffman --
_tTransplantation immunology /
_rJohn L. Schmitz --
_tTumor immunology /
_rDiane L. Davis --
_tSerologic and molecular detection of bacterial infections /
_rDorothy J. Fike and Christine Dorresteyn Stevens --
_tSerology of parasitic and fungal infections /
_rPatsy C. Jarreau --
_tSpirochete diseases /
_rMarc Golightly, Candace Golightly, and Christine Dorresteyn Stevens --
_tSerology and molecular detection of viral infections /
_rLinda E. Miller --
_tLaboratory diagnosis of HIV infection /
_rLinda E. Miller.
650 0 _aImmunodiagnosis
_vLaboratory manuals.
650 0 _aSerodiagnosis
_vLaboratory manuals.
650 0 _aClinical immunology.
650 _aImmunity
_xphysiology.
650 _aImmune System Diseases
_xdiagnosis.
650 _aImmunologic Techniques.
650 _aImmunologic Tests.
650 _aSerologic Tests.
740 _aClinical immunology and serology.
942 _2lcc
_cBK
999 _c278749
_d278749